000 00495cam a2200193ua 4500
001 11423
008 190919n ii |||gr||||Z||||||eng
020 _a9789386302465
040 _cMAIN
041 _aeng
082 _a294.5
100 _aHemanta Kumar Kalita,
_eAuthor.
245 _aHinduism spirituality and humanism
_cBy Hemanta Kumar Kalita
250 _a1st ed.
260 _aGuwahati:
_bEBH publishers,
_c2018.
300 _a93p.
653 _aReligions ofIndic origin
942 _cBK
999 _c10264
_d10264